[Event "Regionalliga Sued-West 1819"]
[Site "Bayern"]
[Date "2019.03.24"]
[Round "8.7"]
[White "Birnbaum, Karsten"]
[Black "Brueckner, Alexander"]
[Result "1/2-1/2"]
[WhiteElo "1824"]
[BlackElo "1807"]
[PlyCount "29"]
[EventDate "2018.10.21"]
[EventType "team-tourn"]
[EventRounds "9"]
[EventCountry "GER"]
[SourceTitle "EXT 2022"]
[Source "ChessBase"]
[SourceDate "2021.10.06"]
[SourceVersion "1"]
[SourceVersionDate "2021.10.06"]
[SourceQuality "1"]
[WhiteTeam "Klosterlechfeld"]
[BlackTeam "Augsburg SF"]
[WhiteTeamCountry "GER"]
[BlackTeamCountry "GER"]

1. e4 c5 2. c4 Nc6 3. b3 Nf6 4. Nc3 e6 5. f4 d6 6. Nf3 a6 7. Be2 Qc7 8. 0-0 Be7 9. d4 cxd4 10. Nxd4 d5 11. Nxc6 bxc6 12. e5 Bb4 13. Qd3 Bxc3 14. Qxc3 Ne4 15. Qe3 1/2-1/2

[Event "Eschborn op"]
[Site "Eschborn"]
[Date "2018.10.06"]
[Round "2"]
[White "Elpelt, Silvia"]
[Black "Brueckner, Alexander"]
[Result "0-1"]
[WhiteElo "1383"]
[BlackElo "1827"]
[PlyCount "74"]
[EventDate "2018.10.05"]
[EventType "swiss"]
[EventRounds "5"]
[EventCountry "GER"]
[SourceTitle "CBM 187 Extra"]
[Source "ChessBase"]
[SourceDate "2018.11.04"]
[SourceVersion "1"]
[SourceVersionDate "2018.11.04"]
[SourceQuality "1"]

1. e4 c5 2. Nf3 e6 3. Nc3 Nc6 4. Bb5 Nge7 5. 0-0 g6 6. d4 cxd4 7. Nxd4 Bg7 8. Be3 0-0 9. Rb1 a6 10. Ba4 b5 11. Bb3 Bb7 12. f3 Rc8 13. Bf2 Na5 14. Qe1 Nc4 15. a3 Qc7 16. Nd1 d5 17. exd5 Nxd5 18. c3 Nf4 19. Bg3 e5 20. Nc2 Rcd8 21. Nde3 Nd2 22. Ba2 Nxb1 23. Bxb1 Nd3 24. Qe2 Nxb2 25. Be1 Nd3 26. Nb4 Nxe1 27. Qxe1 Rd7 28. h3 Rfd8 29. Qc1 Rd2 30. Rd1 Bh6 31. Re1 Bxe3+ 32. Rxe3 Rd1+ 33. Re1 Rxc1 34. Rxc1 Qc5+ 35. Kh2 Qe3 36. Rc2 Qf4+ 37. g3 Qxf3 0-1

[Event "Unterfranken-ch69 M2"]
[Site "Schweinfurt"]
[Date "2018.04.04"]
[Round "4"]
[White "Brueckner, Alexander"]
[Black "Susallek, Markus"]
[Result "1/2-1/2"]
[WhiteElo "1846"]
[BlackElo "1875"]
[PlyCount "34"]
[EventDate "2018.04.02"]
[EventType "swiss"]
[EventRounds "9"]
[EventCountry "GER"]
[SourceTitle "EXT 2019"]
[Source "ChessBase"]
[SourceDate "2018.10.10"]
[SourceVersion "1"]
[SourceVersionDate "2018.10.10"]
[SourceQuality "1"]

1. e4 c5 2. Nc3 e6 3. g3 g6 4. Bg2 Bg7 5. d3 Ne7 6. Be3 d6 7. Qd2 h5 8. f4 Nbc6 9. Nf3 Rb8 10. 0-0 0-0 11. h3 b5 12. Kh2 b4 13. Nd1 Qc7 14. Qf2 Bd7 15. Ng5 f6 16. Nf3 a5 17. Rc1 a4 1/2-1/2

[Event "GER-chT U14"]
[Site "Verden an der Aller"]
[Date "2017.12.29"]
[Round "6.1"]
[White "Brueckner, Alexander"]
[Black "Huber, Benedikt"]
[Result "1-0"]
[WhiteElo "1851"]
[BlackElo "2006"]
[PlyCount "71"]
[EventDate "2017.12.26"]
[EventType "team-swiss"]
[EventRounds "7"]
[EventCountry "GER"]
[SourceTitle "CBM 182 Extra"]
[Source "ChessBase"]
[SourceDate "2018.02.23"]
[SourceVersion "1"]
[SourceVersionDate "2018.02.23"]
[SourceQuality "1"]
[WhiteTeam "Augsburg"]
[BlackTeam "Muenchen Suedost"]
[WhiteTeamCountry "GER"]
[BlackTeamCountry "GER"]

1. e4 c5 2. Nc3 e6 3. g3 Nc6 4. Bg2 Nf6 5. f4 d5 6. e5 Nd7 7. Nf3 a6 8. 0-0 b5 9. h3 b4 10. Ne2 a5 11. d4 Ba6 12. c3 bxc3 13. bxc3 cxd4 14. cxd4 Nb6 15. Rf2 Nc4 16. g4 Qd7 17. Ng3 Bb4 18. Rc2 a4 19. f5 0-0-0 20. Rb1 Qa7 21. Kh1 a3 22. Ne2 h5 23. Ng5 hxg4 24. fxe6 fxe6 25. Nxe6 gxh3 26. Bf3 Qf7 27. N2f4 Rd7 28. Bg4 Be7 29. Nxd5 Qg6 30. Nb6+ Nxb6 31. Rxc6+ Kb8 32. Rbxb6+ Bb7 33. Nc5 Bxc5 34. Rxb7+ Rxb7 35. Rxg6 Rb1 36. dxc5 1-0

[Event "Forchheim op-B 14th"]
[Site "Forchheim"]
[Date "2015.10.03"]
[Round "3"]
[White "Brueckner, Alexander"]
[Black "Beck, Karl1111"]
[Result "1/2-1/2"]
[WhiteElo "1793"]
[BlackElo "1943"]
[PlyCount "115"]
[EventDate "2015.10.02"]
[EventType "swiss"]
[EventRounds "5"]
[EventCountry "GER"]
[SourceTitle "EXT 2019"]
[Source "ChessBase"]
[SourceDate "2018.10.10"]
[SourceVersion "1"]
[SourceVersionDate "2018.10.10"]
[SourceQuality "1"]

1. e4 c5 2. Nc3 Nc6 3. g3 d6 4. Bg2 Nf6 5. f4 g6 6. Nf3 Bg7 7. d3 0-0 8. 0-0 Bd7 9. Rb1 Rb8 10. Be3 b5 11. h3 b4 12. Ne2 Qa5 13. Qc1 Rfc8 14. Bd2 c4 15. Ne1 cxd3 16. Nxd3 Qxa2 17. Ra1 Qc4 18. b3 Qb5 19. g4 Ne8 20. Ra2 a5 21. f5 Nd4 22. Nxd4 Bxd4+ 23. Kh1 Bc6 24. Qd1 Nf6 25. Qe2 Qb7 26. Rd1 Ra8 27. Bf3 Nd7 28. fxg6 hxg6 29. h4 Ne5 30. h5 Bb5 31. Kg2 Ra6 32. Be3 Qa7 33. Bxd4 Qxd4 34. Qd2 Rac6 35. hxg6 Nxg6 36. Rh1 Bxd3 37. cxd3 Qxd3 38. Qxd3 Nf4+ 39. Kg3 Nxd3 40. Rxa5 Ne5 41. Bd1 Rc3+ 42. Kf2 R3c5 43. Ra7 R5c7 44. Ra5 Kg7 45. Rb5 Ra8 46. Re1 Ra2+ 47. Kf1 Rc3 48. Rd5 Rg3 49. Re2 Rxe2 50. Kxe2 Rxg4 51. Rd4 f5 52. Rxb4 Rxe4+ 53. Rxe4 fxe4 54. Ke3 d5 55. Kd4 Nd7 56. Kxd5 Kf6 57. Kxe4 Nc5+ 58. Kd5 1/2-1/2

[Event "GER-ch U12"]
[Site "Willingen"]
[Date "2015.05.27"]
[Round "7"]
[White "Brueckner, Alexander"]
[Black "Wu, Luka"]
[Result "0-1"]
[WhiteElo "1780"]
[BlackElo "1580"]
[PlyCount "122"]
[EventDate "2015.05.24"]
[EventType "swiss"]
[EventRounds "11"]
[EventCountry "GER"]
[SourceTitle "CBM 166 Extra"]
[Source "ChessBase"]
[SourceDate "2015.06.18"]
[SourceVersion "1"]
[SourceVersionDate "2015.06.18"]
[SourceQuality "1"]

1. e4 e5 2. Nf3 Nc6 3. Bb5 a6 4. Bxc6 dxc6 5. 0-0 f6 6. h3 Bc5 7. c3 Ne7 8. d4 exd4 9. cxd4 Bb6 10. Nc3 Be6 11. Re1 0-0 12. e5 fxe5 13. Rxe5 Qd7 14. Qe2 Rf6 15. Bg5 Rg6 16. Nh4 Rxg5 17. Rxg5 Nf5 18. Nxf5 Bxf5 19. Qe5 Rf8 20. Rd1 h6 21. Rg3 Bh7 22. Ne4 Kh8 23. Nc5 Bxc5 24. Qxc5 Qd8 25. d5 Rf7 26. Rd4 Rd7 27. Qc3 Bg8 28. Rdg4 Qf8 29. dxc6 bxc6 30. Qxc6 Qe8 31. Qc3 Qf8 32. Rg6 Kh7 33. Rxa6 Bd5 34. a3 c6 35. a4 Rf7 36. Qd4 Rf4 37. Rxg7+ Qxg7 38. Qxg7+ Kxg7 39. a5 Rb4 40. Rb6 Ra4 41. a6 c5 42. Rd6 Bf7 43. Rc6 c4 44. Kf1 Ra1+ 45. Ke2 Ra2 46. Kd1 Rxb2 47. a7 Ra2 48. Rc7 c3 49. Kc1 c2 50. g3 Kf6 51. f4 Bg6 52. g4 Be4 53. f5 Ra1+ 54. Kd2 Rd1+ 55. Ke3 c1Q+ 56. Kxe4 Qb1+ 57. Kf4 Rd4+ 58. Ke3 Qe4+ 59. Kf2 Qf4+ 60. Ke2 Rd2+ 61. Ke1 Qf2# 0-1

[Event "GER-ch U12"]
[Site "Willingen"]
[Date "2015.05.26"]
[Round "5"]
[White "Brueckner, Alexander"]
[Black "Helmer, Jan"]
[Result "1/2-1/2"]
[WhiteElo "1780"]
[BlackElo "1619"]
[PlyCount "64"]
[EventDate "2015.05.24"]
[EventType "swiss"]
[EventRounds "11"]
[EventCountry "GER"]
[SourceTitle "CBM 166 Extra"]
[Source "ChessBase"]
[SourceDate "2015.06.18"]
[SourceVersion "1"]
[SourceVersionDate "2015.06.18"]
[SourceQuality "1"]

1. e4 e6 2. d4 d5 3. exd5 exd5 4. Bd3 Nc6 5. c3 Bd6 6. Qf3 Nge7 7. Ne2 Be6 8. Bf4 Qd7 9. Nd2 0-0-0 10. 0-0-0 Ng6 11. h3 Rhe8 12. Rhe1 Bf5 13. Bg5 Bxd3 14. Bxd8 Bxe2 15. Rxe2 Kxd8 16. Rde1 Rxe2 17. Rxe2 Nf4 18. Re3 Ne7 19. g3 Nfg6 20. Qxf7 Qxh3 21. Qxg7 Qh1+ 22. Kc2 Qa1 23. a3 Qa2 24. Nb1 b5 25. Qxh7 a5 26. Qg7 b4 27. axb4 axb4 28. cxb4 Qc4+ 29. Nc3 Bxb4 30. Qf6 Bxc3 31. Rxc3 Qe2+ 32. Kb3 Qb5+ 1/2-1/2

[Event "GER-ch U12"]
[Site "Willingen"]
[Date "2015.05.24"]
[Round "2"]
[White "Grund, Sebastian"]
[Black "Brueckner, Alexander"]
[Result "1-0"]
[WhiteElo "1572"]
[BlackElo "1780"]
[PlyCount "57"]
[EventDate "2015.05.24"]
[EventType "swiss"]
[EventRounds "11"]
[EventCountry "GER"]
[SourceTitle "CBM 166 Extra"]
[Source "ChessBase"]
[SourceDate "2015.06.18"]
[SourceVersion "1"]
[SourceVersionDate "2015.06.18"]
[SourceQuality "1"]

1. Nf3 Nf6 2. g3 g6 3. Bg2 d5 4. c4 Bg7 5. 0-0 c6 6. d4 0-0 7. Nc3 Re8 8. cxd5 Nxd5 9. e4 Nb6 10. Be3 Nc4 11. Qb3 Nxe3 12. fxe3 e6 13. Nd2 Qc7 14. e5 Nd7 15. Nce4 Nb6 16. Nd6 Re7 17. N2e4 h6 18. Rf2 Bd7 19. Nc5 Rb8 20. Qa3 a6 21. Ndxb7 Nc4 22. Qb4 Bc8 23. Qxc4 Bxb7 24. Raf1 Qc8 25. Ne4 Qd7 26. Bh3 Rc8 27. Rxf7 Rxf7 28. Bxe6 Qc7 29. Rxf7 1-0

[Event "Rhein Main op-B 17th"]
[Site "Bad Homburg"]
[Date "2014.06.20"]
[Round "4"]
[White "Brueckner, Alexander"]
[Black "Martin, Lukas"]
[Result "1-0"]
[WhiteElo "1735"]
[BlackElo "1123"]
[PlyCount "41"]
[EventDate "2014.06.18"]
[EventType "swiss"]
[EventRounds "9"]
[EventCountry "GER"]
[SourceTitle "CBM 161 Extra"]
[Source "ChessBase"]
[SourceDate "2014.08.29"]
[SourceVersion "1"]
[SourceVersionDate "2014.08.29"]
[SourceQuality "1"]

1. e4 d5 2. exd5 Nf6 3. d4 Bg4 4. Be2 Bxe2 5. Qxe2 Qxd5 6. Nf3 e6 7. Bd2 Nc6 8. c4 Qd6 9. d5 Nd8 10. 0-0 Be7 11. dxe6 Nxe6 12. Nc3 0-0 13. Rad1 c6 14. Bg5 Qc7 15. Bxf6 Bxf6 16. Ne4 Nf4 17. Nxf6+ gxf6 18. Qc2 Kh8 19. g3 Qc8 20. Rd4 Qg4 21. Rxf4 1-0

[Event "Schweinfurt op 23rd"]
[Site "Schweinfurt"]
[Date "2013.06.02"]
[Round "7"]
[White "Brueckner, Alexander"]
[Black "Itze, Jan Peter"]
[Result "0-1"]
[WhiteElo "1202"]
[BlackElo "1715"]
[PlyCount "44"]
[EventDate "2013.05.30"]
[EventType "swiss"]
[EventRounds "7"]
[EventCountry "GER"]
[SourceTitle "CBM 154 Extra"]
[Source "ChessBase"]
[SourceDate "2013.06.25"]
[SourceVersion "2"]
[SourceVersionDate "2013.06.25"]
[SourceQuality "1"]

1. e4 c6 2. d4 d5 3. exd5 cxd5 4. Nc3 Bf5 5. Nf3 e6 6. a3 Bd6 7. Bd3 Bxd3 8. Qxd3 Nc6 9. 0-0 Nf6 10. h3 a6 11. Re1 Qc7 12. Bg5 0-0-0 13. Reb1 Na5 14. b4 Nc4 15. Nd2 h6 16. Be3 Nxe3 17. Qxe3 e5 18. b5 exd4 19. Qd3 dxc3 20. Nf3 a5 21. Rb3 Ne4 22. Qxd5 Bh2+ 0-1

[Event "Schweinfurt op 23rd"]
[Site "Schweinfurt"]
[Date "2013.06.02"]
[Round "6"]
[White "Weippert, Sophia"]
[Black "Brueckner, Alexander"]
[Result "0-1"]
[WhiteElo "1145"]
[BlackElo "1202"]
[PlyCount "50"]
[EventDate "2013.05.30"]
[EventType "swiss"]
[EventRounds "7"]
[EventCountry "GER"]
[SourceTitle "CBM 154 Extra"]
[Source "ChessBase"]
[SourceDate "2013.06.25"]
[SourceVersion "2"]
[SourceVersionDate "2013.06.25"]
[SourceQuality "1"]

1. d4 d5 2. c4 dxc4 3. e3 Bf5 4. Nc3 Nc6 5. Bxc4 e6 6. Nf3 Nf6 7. Nh4 Bg6 8. Nxg6 hxg6 9. Bd2 Bd6 10. h3 Qe7 11. Qf3 0-0-0 12. Ne4 Nxe4 13. Qxe4 Bb4 14. Bc3 Rh4 15. Qc2 e5 16. g3 Bxc3+ 17. bxc3 Rh6 18. 0-0-0 exd4 19. exd4 g5 20. Kb2 Na5 21. Qf5+ Kb8 22. Qxa5 Rb6+ 23. Ka1 Qf6 24. Qe5 Qxf2 25. Qxg5 Qb2# 0-1

[Event "Schweinfurt op 23rd"]
[Site "Schweinfurt"]
[Date "2013.06.01"]
[Round "4"]
[White "Hartmann, Christian"]
[Black "Brueckner, Alexander"]
[Result "1/2-1/2"]
[WhiteElo "1554"]
[BlackElo "1202"]
[PlyCount "41"]
[EventDate "2013.05.30"]
[EventType "swiss"]
[EventRounds "7"]
[EventCountry "GER"]
[SourceTitle "CBM 154 Extra"]
[Source "ChessBase"]
[SourceDate "2013.06.25"]
[SourceVersion "2"]
[SourceVersionDate "2013.06.25"]
[SourceQuality "1"]

1. e4 e5 2. Nf3 Nc6 3. Bb5 a6 4. Ba4 Be7 5. 0-0 b5 6. Bb3 d6 7. c3 Nf6 8. Qe2 Bg4 9. h3 Bh5 10. d3 h6 11. Nbd2 0-0 12. Re1 Na5 13. Bc2 c5 14. Nf1 Nc6 15. Ng3 Bg6 16. Nh2 Qd7 17. Bd2 Rac8 18. Nf3 Rc7 19. Rad1 Rfc8 20. Bc1 b4 21. Ba4 1/2-1/2